[Event "Sparkassen-Open A"]
[Site "Heusenstamm, Martinsee"]
[Date "2018.11.25"]
[Round "7.22"]
[White "Boos, Markus"]
[Black "Donchenko, Anatoly"]
[Result "1/2-1/2"]
[WhiteElo "2166"]
[BlackElo "2269"]
[PlyCount "44"]
[EventDate "2018.??.??"]
[WhiteTeam "Elberfelder SG"]
[BlackTeam "SK GieÃŸen"]

1. d4 d5 2. c4 dxc4 3. e3 Nf6 4. Bxc4 e6 5. Nf3 c5 6. O-O a6 7. Bb3 Nc6 8. Qe2
Qc7 9. Nc3 Be7 10. dxc5 Bxc5 11. Rd1 O-O 12. Bd2 Rd8 13. Rac1 Qe7 14. e4 Ng4
15. Be1 Rxd1 16. Rxd1 Nge5 17. Nxe5 Nxe5 18. Na4 Ba7 19. Ba5 Bd7 20. Nb6 Bxb6
21. Bxb6 Rc8 22. f4 Bb5 1/2-1/2

[Event "Sparkassen-Open A"]
[Site "Heusenstamm, Martinsee"]
[Date "2018.11.25"]
[Round "7.23"]
[White "Villwock, Martin"]
[Black "KÃ¶llner, Ruben Gideon"]
[Result "1-0"]
[WhiteElo "2182"]
[BlackElo "2238"]
[PlyCount "103"]
[EventDate "2018.??.??"]
[WhiteTeam "SF Essen-Katernberg"]
[BlackTeam "SG Bochum"]

1. e4 e5 2. f4 exf4 3. Nf3 g5 4. h4 g4 5. Ne5 Qe7 6. d4 d6 7. Nd3 Qxe4+ 8. Qe2
Qxe2+ 9. Bxe2 Nc6 10. c3 f3 11. gxf3 gxf3 12. Bxf3 Bd7 13. Bg5 Be7 14. Nd2
O-O-O 15. O-O-O f5 16. Rde1 Bxg5 17. hxg5 Nge7 18. d5 Ne5 19. Nxe5 dxe5 20.
Rxe5 Ng6 21. Ree1 Be8 22. c4 Nf4 23. Kc2 Ng6 24. Kc3 Nf8 25. Nb3 Rg8 26. Rhg1
Bg6 27. Nd4 Kd7 28. c5 Kc8 29. c6 b6 30. Re7 Re8 31. Rge1 Rxe7 32. Rxe7 Kd8 33.
d6 cxd6 34. c7+ Kc8 35. Bc6 a6 36. a4 h5 37. a5 b5 38. Nxb5 axb5 39. a6 Nd7 40.
Bxd7+ Kxc7 41. Be6+ Kd8 42. Bxg8 Kxe7 43. a7 b4+ 44. Kxb4 Bf7 45. Bxf7 Kxf7 46.
a8=Q f4 47. Qe4 d5 48. Qxf4+ Kg8 49. Qf6 h4 50. g6 h3 51. Qf7+ Kh8 52. Qf8# 1-0

[Event "Sparkassen-Open A"]
[Site "Heusenstamm, Martinsee"]
[Date "2018.11.25"]
[Round "7.24"]
[White "Wortmann, Klaus-Peter"]
[Black "de Visser, Leon"]
[Result "0-1"]
[WhiteElo "2097"]
[BlackElo "2230"]
[PlyCount "36"]
[EventDate "2018.??.??"]
[WhiteTeam "MS Halver-SchalksmÃ¼hle"]
[BlackTeam "SV Griesheim"]

1. d4 Nf6 2. Nf3 c5 3. d5 b5 4. Bg5 Qb6 5. Bxf6 Qxf6 6. c3 Qb6 7. Nbd2 g6 8. e4
Bg7 9. a4 b4 10. Nc4 Qb7 11. Qd2 O-O 12. Be2 bxc3 13. bxc3 Qb3 14. Rc1 Ba6 15.
Qc2 Bxc4 16. Qxb3 Bxb3 17. O-O d6 18. Ra1 Bxc3 0-1

[Event "Sparkassen-Open A"]
[Site "Heusenstamm, Martinsee"]
[Date "2018.11.25"]
[Round "7.25"]
[White "Wolf, Ulrich Martin"]
[Black "Vakulenko, Oleksandr"]
[Result "0-1"]
[WhiteElo "2221"]
[BlackElo "1999"]
[PlyCount "102"]
[EventDate "2018.??.??"]
[WhiteTeam "SC Hansa Dortmund"]
[BlackTeam "Gambit Kiev"]

1. d4 Nf6 2. Nf3 e6 3. c4 Bb4+ 4. Bd2 a5 5. a3 Bxd2+ 6. Qxd2 Ne4 7. Qc2 f5 8.
Nc3 Nxc3 9. Qxc3 O-O 10. g3 b6 11. Bg2 Bb7 12. O-O a4 13. Rfd1 Qe7 14. d5 d6
15. dxe6 Na6 16. Nd4 Bxg2 17. Kxg2 Nc5 18. Qf3 Rae8 19. Qd5 f4 20. Rac1 Kh8 21.
Rc3 Rf6 22. Rf3 Nxe6 23. Nxe6 Qxe6 24. e3 fxe3 25. fxe3 Rxf3 26. Qxe6 Rxg3+ 27.
hxg3 Rxe6 28. Kf3 g6 29. Rd5 Kg7 30. Rb5 Re5 31. Rb4 Ra5 32. c5 dxc5 33. Re4
Kf7 34. Rf4+ Ke7 35. Re4+ Kd6 36. Rh4 h5 37. g4 Rb5 38. gxh5 gxh5 39. Rh2 c4
40. Kf4 Rb3 41. e4 c3 42. bxc3 Rxc3 43. Rxh5 Rxa3 44. Rh6+ Kc5 45. Rh5+ Kb4 46.
e5 Ra1 47. e6 Rf1+ 48. Ke5 Re1+ 49. Kd5 a3 50. Rh4+ Kb3 51. Re4 Rxe4 0-1

[Event "Sparkassen-Open A"]
[Site "Heusenstamm, Martinsee"]
[Date "2018.11.25"]
[Round "7.26"]
[White "Teichert, Felix"]
[Black "Erdmann, Stefan"]
[Result "1/2-1/2"]
[WhiteElo "1980"]
[BlackElo "2216"]
[PlyCount "65"]
[EventDate "2018.??.??"]
[WhiteTeam "Leegebrucher SF"]
[BlackTeam "SC Bad Soden"]

1. b3 Nf6 2. Bb2 d5 3. e3 c5 4. Nf3 g6 5. d4 Bg7 6. Nbd2 O-O 7. Bd3 Nc6 8. O-O
cxd4 9. exd4 Nb4 10. Ne5 Nxd3 11. Nxd3 Bg4 12. Qe1 Rc8 13. c3 Nd7 14. h3 Bf5
15. Qe3 Re8 16. c4 dxc4 17. Nxc4 b5 18. Nce5 Nxe5 19. Nxe5 Qd5 20. Rac1 Red8
21. Rxc8 Rxc8 22. Rc1 Qb7 23. Rxc8+ Qxc8 24. Qc3 Qxc3 25. Bxc3 Be4 26. Bb4 Kf8
27. Bc5 a6 28. f3 Bd5 29. Kf2 Ke8 30. Ke3 Bh6+ 31. Ke2 f6 32. Nd3 Kd7 33. Bb4
1/2-1/2

[Event "Sparkassen-Open A"]
[Site "Heusenstamm, Martinsee"]
[Date "2018.11.25"]
[Round "7.27"]
[White "Boder, Jan"]
[Black "Lisanti, Andre"]
[Result "0-1"]
[WhiteElo "1896"]
[BlackElo "2209"]
[PlyCount "62"]
[EventDate "2018.??.??"]
[WhiteTeam "SG MÃ¶rsdorf-Lahr"]
[BlackTeam "TSV Schott Mainz"]

1. b3 d5 2. Bb2 Bg4 3. g3 Nc6 4. Bg2 e5 5. h3 Be6 6. e3 Qd7 7. Ne2 O-O-O 8. d4
f6 9. Nd2 Kb8 10. a3 Nge7 11. c4 exd4 12. exd4 g5 13. c5 h5 14. b4 Ng6 15. b5
Nce7 16. Qb3 c6 17. a4 f5 18. Nf3 Bh6 19. Bc1 f4 20. gxf4 gxf4 21. Bd2 Bf5 22.
O-O-O Be4 23. Nc3 Ka8 24. Rde1 Qf5 25. Kb2 Bg7 26. Qb4 Bxf3 27. Bxf3 Qd3 28.
Bxf4 Qxf3 29. Bg5 Rde8 30. Rhg1 Qxf2+ 31. Kb3 Nf5 0-1

[Event "Sparkassen-Open A"]
[Site "Heusenstamm, Martinsee"]
[Date "2018.11.25"]
[Round "7.28"]
[White "Khaetsky, Roman"]
[Black "Foermes, Alexander"]
[Result "1-0"]
[WhiteElo "2347"]
[BlackElo "2061"]
[PlyCount "53"]
[EventDate "2018.??.??"]
[WhiteTeam "Gambit Kiev"]
[BlackTeam "SK Marburg"]

1. e4 c6 2. d4 d5 3. e5 Bf5 4. c4 e6 5. Nc3 Ne7 6. a3 dxc4 7. Bxc4 Nd5 8. Nge2
Be7 9. O-O O-O 10. Ng3 Bg6 11. f4 Qd7 12. Kh1 Rd8 13. Qf3 Nb6 14. Bb3 Qxd4 15.
Be3 Qd7 16. Rad1 Qc8 17. Rxd8+ Qxd8 18. f5 exf5 19. Nxf5 Na6 20. Bxf7+ Kh8 21.
Bxg6 hxg6 22. Nxg7 Qg8 23. Nh5 Rf8 24. Nf6 Bxf6 25. exf6 Qe6 26. f7 Nc7 27. Bh6
1-0

[Event "Sparkassen-Open A"]
[Site "Heusenstamm, Martinsee"]
[Date "2018.11.25"]
[Round "7.29"]
[White "Lesny, Florian"]
[Black "Krastev, Alexander"]
[Result "0-1"]
[WhiteElo "2067"]
[BlackElo "2342"]
[PlyCount "68"]
[EventDate "2018.??.??"]
[WhiteTeam "SK Niederbrechen"]
[BlackTeam "Biebertaler SF"]

1. e4 c5 2. Nf3 g6 3. d4 cxd4 4. Nxd4 Bg7 5. Nc3 Nc6 6. Be3 Nf6 7. Bc4 O-O 8.
Bb3 Re8 9. f3 e6 10. Qd2 d5 11. O-O-O Nxd4 12. Bxd4 e5 13. Bf2 d4 14. Nd5 a5
15. c3 a4 16. Bc4 Be6 17. Nxf6+ Bxf6 18. Qe2 Qc7 19. Bxe6 Rxe6 20. Kb1 dxc3 21.
Rc1 Rc6 22. Rxc3 Rxc3 23. bxc3 Qxc3 24. Rc1 Qb4+ 25. Qb2 Qd6 26. Qxb7 Rd8 27.
Ka1 Bg5 28. Rb1 Bd2 29. Qb2 Qd3 30. Be1 Be3 31. Bc3 a3 32. Qxa3 Bd4 33. Rb3 Rc8
34. Bxd4 Qxd4+ 0-1

[Event "Sparkassen-Open A"]
[Site "Heusenstamm, Martinsee"]
[Date "2018.11.25"]
[Round "7.30"]
[White "Weiss, Matthias"]
[Black "Euler, Gerd"]
[Result "0-1"]
[WhiteElo "2032"]
[BlackElo "2297"]
[PlyCount "66"]
[EventDate "2018.??.??"]
[WhiteTeam "SF SchÃ¶neck"]
[BlackTeam "SSG Hungen-Lich"]

1. e4 d6 2. d4 Nf6 3. Nc3 Rg8 4. f4 h6 5. Nf3 Bg4 6. Be2 g5 7. fxg5 hxg5 8.
Nxg5 Bxe2 9. Qxe2 Nc6 10. Nf3 Qd7 11. Bd2 e5 12. d5 Nd4 13. Nxd4 exd4 14. Nb5
O-O-O 15. O-O-O Re8 16. Ba5 Rxe4 17. Qc4 d3 18. Qxd3 Ra4 19. Nxa7+ Kd8 20. Bc3
Ne4 21. Nb5 Rg4 22. Rhf1 Rxa2 23. Kb1 Nc5 24. Bf6+ Kc8 25. Qf5 Ra5 26. Rde1 Re4
27. Rxe4 Nxe4 28. Qxe4 Qxb5 29. Re1 b6 30. Qe8+ Kb7 31. Qxf8 Qa4 32. b3 Qa2+
33. Kc1 Rc5 0-1

[Event "Sparkassen-Open A"]
[Site "Heusenstamm, Martinsee"]
[Date "2018.11.25"]
[Round "7.31"]
[White "Kolker, Vladislav"]
[Black "Hesse, Henrik"]
[Result "0-1"]
[WhiteElo "1999"]
[BlackElo "2272"]
[PlyCount "74"]
[EventDate "2018.??.??"]
[WhiteTeam "SC Bad Nauheim"]
[BlackTeam "SV Mattnetz Berlin"]

1. e4 g6 2. d4 Bg7 3. Nc3 d5 4. Nxd5 c6 5. Nc3 Qxd4 6. Qxd4 Bxd4 7. Nge2 Bg7 8.
Be3 Nf6 9. f3 Nbd7 10. O-O-O e5 11. g4 O-O 12. Ng3 Nb6 13. g5 Nfd7 14. h4 Re8
15. h5 Nf8 16. hxg6 fxg6 17. a4 Be6 18. b3 Rad8 19. a5 Rxd1+ 20. Nxd1 Nbd7 21.
Nb2 b5 22. axb6 axb6 23. Bc4 b5 24. Bxe6+ Nxe6 25. Ne2 Rf8 26. Rf1 Ndc5 27. Ng3
Rf7 28. Nd3 Nxd3+ 29. cxd3 Bf8 30. Ne2 Be7 31. d4 Bxg5 32. Bxg5 Nxg5 33. dxe5
Rxf3 34. Rxf3 Nxf3 35. Kc2 Nxe5 36. b4 Kf7 37. Kc3 Ke6 0-1

[Event "Sparkassen-Open A"]
[Site "Heusenstamm, Martinsee"]
[Date "2018.11.25"]
[Round "7.32"]
[White "Siddharth, Jagadeesh"]
[Black "Schultze, JÃ¶rg-Martin"]
[Result "1-0"]
[WhiteElo "2215"]
[BlackElo "2027"]
[PlyCount "49"]
[EventDate "2018.??.??"]
[WhiteTeam "Singapore"]
[BlackTeam "SF Anderssen Wetzlar"]
[WhiteTeamCountry "SIN"]

1. d4 c6 2. c4 d5 3. Nf3 Nf6 4. g3 e6 5. Bg2 Bd6 6. O-O Nbd7 7. Nfd2 O-O 8. Nc3
Re8 9. e4 dxe4 10. Ndxe4 Be7 11. Be3 Nxe4 12. Nxe4 Nf6 13. Nc3 Qa5 14. Re1 e5
15. dxe5 Ng4 16. Bf4 g5 17. Bd2 Qb6 18. Ne4 Bf5 19. Qf3 Bxe4 20. Rxe4 f5 21.
exf6 Nxf6 22. Rxe7 Rxe7 23. Qxf6 Rf8 24. Qxe7 Qxf2+ 25. Kh1 1-0

[Event "Sparkassen-Open A"]
[Site "Heusenstamm, Martinsee"]
[Date "2018.11.25"]
[Round "7.33"]
[White "Hinrichs, Paul"]
[Black "Hebbering, Tom Elliot"]
[Result "0-1"]
[WhiteElo "1907"]
[BlackElo "2199"]
[PlyCount "64"]
[EventDate "2018.??.??"]
[WhiteTeam "SK Bingen"]
[BlackTeam "SK Gernsheim"]

1. d4 d5 2. c4 c6 3. Nc3 Nf6 4. e3 e6 5. Nf3 Nbd7 6. Bd3 dxc4 7. Bxc4 b5 8. Bd3
Bb7 9. O-O a6 10. e4 c5 11. d5 c4 12. Bc2 Qc7 13. dxe6 fxe6 14. e5 Nxe5 15.
Nxe5 Qxe5 16. Re1 Qd6 17. Qxd6 Bxd6 18. Rxe6+ Kd7 19. Bf5 Kc7 20. Be3 Rhe8 21.
Rd1 Rxe6 22. Bxe6 Re8 23. Bf5 g6 24. Bc2 Ng4 25. Bb6+ Kxb6 26. Rxd6+ Kc7 27.
Rd1 b4 28. Ba4 bxc3 29. Bxe8 cxb2 30. f3 c3 31. Ba4 Ne3 32. Rb1 Bd5 0-1

[Event "Sparkassen-Open A"]
[Site "Heusenstamm, Martinsee"]
[Date "2018.11.25"]
[Round "7.34"]
[White "Goossens, Hanne"]
[Black "Hehn, Hartmut"]
[Result "1-0"]
[WhiteElo "2176"]
[BlackElo "2016"]
[PlyCount "61"]
[EventDate "2018.??.??"]
[WhiteTeam "DJK AufwÃ¤rts Aachen"]
[BlackTeam "SV Ebersbach"]

1. e4 c6 2. d4 d5 3. e5 c5 4. dxc5 Nc6 5. a3 Nxe5 6. b4 Ng6 7. Bb2 Nf6 8. Nf3
e6 9. Nc3 a5 10. Na4 Be7 11. Nb6 Ra7 12. Bb5+ Kf8 13. O-O Bd7 14. Bd3 Nf4 15.
Ne5 Be8 16. Bd4 axb4 17. axb4 Rxa1 18. Qxa1 Nxd3 19. cxd3 Nh5 20. Qd1 f6 21.
Qf3 Kg8 22. Ra1 fxe5 23. Bxe5 Bf6 24. Bd6 Qxd6 25. cxd6 Bxa1 26. d7 Bxd7 27.
Qd1 Nf6 28. Qxa1 Kf7 29. Qe5 Bc6 30. g4 Nxg4 31. Qh5+ 1-0

[Event "Sparkassen-Open A"]
[Site "Heusenstamm, Martinsee"]
[Date "2018.11.25"]
[Round "7.35"]
[White "Schulze, Lara"]
[Black "Voss, Georg"]
[Result "0-1"]
[WhiteElo "2167"]
[BlackElo "1921"]
[PlyCount "134"]
[EventDate "2018.??.??"]
[WhiteTeam "SK Lehrte"]
[BlackTeam "SV Schmallenberg"]

1. e4 d5 2. exd5 Qxd5 3. Nc3 Qd8 4. d4 Nf6 5. Bc4 g6 6. Nf3 Bg7 7. O-O O-O 8.
a4 a5 9. Re1 Bg4 10. Be2 Nc6 11. Nb5 Nb4 12. c3 Nbd5 13. h3 Bxf3 14. Bxf3 c6
15. Na3 Qc7 16. g3 Rfe8 17. c4 Nb4 18. Bf4 Qd7 19. Bg2 Qf5 20. Re3 h5 21. Qe2
Qd7 22. Rd1 Nh7 23. d5 cxd5 24. cxd5 Qxa4 25. Rxe7 Bf6 26. Rxe8+ Rxe8 27. Qd2
Na6 28. Rc1 g5 29. Rc4 Qd7 30. Be3 b5 31. Re4 Rxe4 32. Bxe4 b4 33. Nc4 Nc7 34.
Nxa5 Qb5 35. Nc6 Qc4 36. f3 b3 37. d6 Ne6 38. Ne7+ Kh8 39. Nd5 Bd8 40. Bd4+
Qxd4+ 41. Qxd4+ Nxd4 42. Kf2 Nf6 43. Ke3 Ne6 44. Nxf6 Bxf6 45. Bd5 Bxb2 46.
Bxb3 Kg7 47. d7 Bf6 48. f4 gxf4+ 49. gxf4 Nc5 50. Bd1 Kh6 51. d8=Q Bxd8 52. Kd4
Ne6+ 53. Ke5 h4 54. Bg4 Ng7 55. Ke4 Kg6 56. Bd7 Bc7 57. f5+ Kf6 58. Bc8 Ne8 59.
Bd7 Nd6+ 60. Kf4 Bd8 61. Kf3 Kg5 62. Ke3 Nxf5+ 63. Kf3 Nd4+ 64. Ke4 Ne6 65. Ke5
Bc7+ 66. Kd5 Kf4 67. Be8 Ng5 0-1

[Event "Sparkassen-Open A"]
[Site "Heusenstamm, Martinsee"]
[Date "2018.11.25"]
[Round "7.36"]
[White "Amtmann, Florian"]
[Black "Deppe, Leo Max"]
[Result "1-0"]
[WhiteElo "2120"]
[BlackElo "1895"]
[PlyCount "45"]
[EventDate "2018.??.??"]
[WhiteTeam "Spvgg Stetten"]
[BlackTeam "SC Bad Soden"]

1. e4 c5 2. d4 cxd4 3. c3 dxc3 4. Nxc3 Nc6 5. Nf3 e6 6. Bc4 a6 7. O-O Nge7 8.
Bg5 h6 9. Be3 b5 10. Bb3 Bb7 11. Re1 Na5 12. Ne5 d6 13. Nxf7 Kxf7 14. Qf3+ Kg8
15. Bxe6+ Kh7 16. Nd5 Nxd5 17. exd5 g6 18. Bd4 Rg8 19. Qf7+ Rg7 20. Bxg7 Bxg7
21. b4 Qf8 22. Qc7 Qd8 23. Rac1 1-0

[Event "Sparkassen-Open A"]
[Site "Heusenstamm, Martinsee"]
[Date "2018.11.25"]
[Round "7.37"]
[White "Flach, Erich"]
[Black "Ahrends, Norbert"]
[Result "1-0"]
[WhiteElo "2110"]
[BlackElo "1856"]
[PlyCount "91"]
[EventDate "2018.??.??"]
[WhiteTeam "SV Griesheim"]
[BlackTeam "SV GroÃŸ-Gerau"]

1. d4 d5 2. c4 c6 3. Nc3 Nf6 4. e3 e6 5. Nf3 Nbd7 6. Qc2 Bd6 7. g4 h6 8. Bd2
dxc4 9. Bxc4 b5 10. Bb3 Bb7 11. g5 hxg5 12. Nxg5 Nd5 13. Rg1 Nf8 14. Nce4 Be7
15. Nc5 Bxc5 16. Qxc5 Qe7 17. Ne4 Qxc5 18. dxc5 O-O-O 19. Rxg7 Rxh2 20. Ke2 Rh7
21. Rxh7 Nxh7 22. Nd6+ Kb8 23. Nxf7 Rf8 24. Ne5 Kc8 25. e4 Nc7 26. Rg1 Nf6 27.
Bh6 Re8 28. f3 Nd7 29. Nxd7 Kxd7 30. Rg7+ Re7 31. Rxe7+ Kxe7 32. Bf4 Ne8 33.
Be5 a5 34. Bc2 a4 35. Ke3 Bc8 36. Kf4 Nf6 37. Kg5 Nd7 38. Bd6+ Kf7 39. f4 Nf6
40. a3 Bd7 41. Be5 Nh7+ 42. Kh6 Nf6 43. Kg5 Nh7+ 44. Kh4 Kg6 45. Bd6 Nf6 46.
e5+ 1-0

[Event "Sparkassen-Open A"]
[Site "Heusenstamm, Martinsee"]
[Date "2018.11.25"]
[Round "7.38"]
[White "Haack, Kevin"]
[Black "SchrÃ¶der, JÃ¼rgen"]
[Result "0-1"]
[WhiteElo "1911"]
[BlackElo "2102"]
[PlyCount "114"]
[EventDate "2018.??.??"]
[WhiteTeam "SC Bad Soden"]
[BlackTeam "SC Matt im Park"]

1. c4 g6 2. Nc3 Bg7 3. e4 d6 4. g3 c6 5. Bg2 Nd7 6. Nge2 Ngf6 7. d3 O-O 8. O-O
a5 9. h3 e5 10. Be3 Nc5 11. f4 exf4 12. gxf4 Nh5 13. f5 Nd7 14. d4 Qe7 15. Qd2
Ndf6 16. Rae1 Bd7 17. Bg5 Rae8 18. Nf4 Ng3 19. Rf2 Nfxe4 20. Nxe4 Nxe4 21. Bxe7
Nxd2 22. Rxd2 Bh6 23. Rde2 Bxf4 24. Bxf8 Rxe2 25. Rxe2 Kxf8 26. f6 Bg5 27. Re7
Bf5 28. Rxb7 Bxf6 29. d5 c5 30. a3 Bd4+ 31. Kh2 Bc2 32. Bf1 a4 33. Be2 Bb3 34.
Rxb3 axb3 35. a4 Ke7 36. a5 Kd8 37. Bd1 Kc7 38. Bxb3 Kb7 39. Ba4 Ka6 40. b3
Kxa5 41. Kg3 Kb4 42. h4 Be5+ 43. Kf3 Bf6 44. Kg4 h5+ 45. Kh3 Be5 46. Be8 Kxb3
47. Bxf7 Kxc4 48. Bxg6 Kc3 49. Bxh5 Kd2 50. Bg6 c4 51. Kg4 c3 52. h5 c2 53.
Bxc2 Kxc2 54. Kf5 Kd3 55. h6 Kd4 56. Ke6 Kc5 57. h7 Bh8 0-1

[Event "Sparkassen-Open A"]
[Site "Heusenstamm, Martinsee"]
[Date "2018.11.25"]
[Round "7.39"]
[White "Seifert, Norbert"]
[Black "Sanati, Charlotte"]
[Result "0-1"]
[WhiteElo "1957"]
[BlackElo "2096"]
[PlyCount "44"]
[EventDate "2018.??.??"]
[WhiteTeam "SF Neuberg"]
[BlackTeam "SG Trier"]

1. e4 c5 2. Nc3 Nc6 3. g3 g6 4. Bg2 Bg7 5. d3 e6 6. Nh3 Nge7 7. O-O O-O 8. f4
d5 9. e5 a6 10. Nf2 f6 11. exf6 Bxf6 12. Ng4 Bg7 13. Re1 Bd7 14. Qd2 Nf5 15.
Nd1 Qc7 16. c4 d4 17. Ngf2 Rae8 18. Kh1 e5 19. fxe5 Nxe5 20. b4 Ne3 21. Ne4
Nxg2 22. Qxg2 Nxd3 0-1

[Event "Sparkassen-Open A"]
[Site "Heusenstamm, Martinsee"]
[Date "2018.11.25"]
[Round "7.40"]
[White "Zimmermann, Rolf"]
[Black "Meyer, Marcel"]
[Result "1/2-1/2"]
[WhiteElo "2093"]
[BlackElo "1811"]
[PlyCount "28"]
[EventDate "2018.??.??"]
[WhiteTeam "SC Tornado Hochneukirch"]
[BlackTeam "SC Herborn"]

1. c4 c6 2. d4 d5 3. e3 Nf6 4. Nc3 e6 5. Nf3 Nbd7 6. Bd3 dxc4 7. Bxc4 b5 8. Be2
a6 9. O-O Bb7 10. e4 c5 11. e5 Nd5 12. Ne4 Qb6 13. b3 Be7 14. Bb2 Nf4 1/2-1/2

[Event "Sparkassen-Open A"]
[Site "Heusenstamm, Martinsee"]
[Date "2018.11.25"]
[Round "7.41"]
[White "HeÃŸ, Steffen"]
[Black "Mohr, Thomas"]
[Result "1/2-1/2"]
[WhiteElo "2092"]
[BlackElo "1778"]
[PlyCount "69"]
[EventDate "2018.??.??"]
[WhiteTeam "SC GroÃŸ-Zimmern"]
[BlackTeam "SC FK Babenhausen"]

1. d4 f5 2. g3 e6 3. Bg2 d5 4. c3 Nf6 5. Nh3 Bd6 6. Bf4 c6 7. Nd2 Bxf4 8. Nxf4
Qe7 9. Nf3 Ne4 10. Ne5 O-O 11. f3 Nf6 12. Qd2 Nbd7 13. O-O-O Nxe5 14. dxe5 Nd7
15. Nd3 Nb6 16. e4 fxe4 17. fxe4 Nc4 18. Qe2 Qg5+ 19. Kb1 Ne3 20. Qd2 Qh6 21.
Rde1 Nxg2 22. Qxh6 gxh6 23. Re2 dxe4 24. Nc1 Nf4 25. gxf4 Rxf4 26. Rg1+ Kf8 27.
Rd2 Ke7 28. Rg8 Rf8 29. Rxf8 Kxf8 30. Rd8+ Kf7 31. Ne2 b6 32. Ng3 Kg6 33. Rg8+
Kf7 34. Rh8 Kg6 35. Rg8+ 1/2-1/2

[Event "Sparkassen-Open A"]
[Site "Heusenstamm, Martinsee"]
[Date "2018.11.25"]
[Round "7.42"]
[White "Kuhn, Gerhard"]
[Black "Eichner, Christian"]
[Result "1/2-1/2"]
[WhiteElo "1932"]
[BlackElo "2091"]
[PlyCount "46"]
[EventDate "2018.??.??"]
[WhiteTeam "SK Marburg"]
[BlackTeam "SV TuR Dresden"]

1. e4 e5 2. Nf3 Nc6 3. Bc4 Nf6 4. d3 Bc5 5. O-O d6 6. c3 a6 7. Bb3 Be6 8. Re1
Bxb3 9. axb3 Ng4 10. Re2 h5 11. Na3 d5 12. exd5 Qxd5 13. b4 Nxf2 14. Rxf2 Bxf2+
15. Kxf2 O-O-O 16. Be3 e4 17. Nd4 Ne5 18. dxe4 Qxe4 19. Nac2 Rd6 20. Kg1 Ng4
21. Qf3 Re8 22. Qxe4 Rxe4 23. Re1 Nxe3 1/2-1/2

[Event "Sparkassen-Open A"]
[Site "Heusenstamm, Martinsee"]
[Date "2018.11.25"]
[Round "7.43"]
[White "Olesiak, Marcin"]
[Black "Schubert, Nikita"]
[Result "0-1"]
[WhiteElo "2043"]
[BlackElo "1845"]
[PlyCount "66"]
[EventDate "2018.??.??"]
[WhiteTeam "SV Oberursel"]
[BlackTeam "ESV Gera"]

1. e4 e5 2. Nf3 Nc6 3. Bc4 Bc5 4. c3 Nf6 5. d3 O-O 6. Bg5 h6 7. Bh4 d6 8. Bb3
a6 9. Nbd2 Ba7 10. Nf1 Be6 11. Bc2 d5 12. Qe2 d4 13. h3 Bc8 14. Bxf6 Qxf6 15.
Ng3 Rd8 16. O-O Ne7 17. cxd4 Bxd4 18. Nxd4 Rxd4 19. f4 exf4 20. Kh1 Ng6 21. Nh5
Qe5 22. Rf2 Be6 23. Raf1 Rad8 24. Bb1 c5 25. b3 b5 26. Nxf4 Nxf4 27. Rxf4 c4
28. dxc4 bxc4 29. R4f3 Rd2 30. Qe3 cxb3 31. axb3 Qb2 32. Rg3 Rd1 33. Qg1 Qxb1
0-1

[Event "Sparkassen-Open A"]
[Site "Heusenstamm, Martinsee"]
[Date "2018.11.25"]
[Round "7.44"]
[White "Heimrath, Reiner"]
[Black "Rutsatz, Mario"]
[Result "1-0"]
[WhiteElo "2262"]
[BlackElo "2006"]
[PlyCount "109"]
[EventDate "2018.??.??"]
[WhiteTeam "SC Noris-Tarrasch NÃ¼rnberg"]
[BlackTeam "SF Frankfurt"]

1. e4 e6 2. Qe2 c5 3. Nf3 Nc6 4. g3 g6 5. Bg2 Bg7 6. c3 Nge7 7. h4 h6 8. d3 b6
9. Bf4 d6 10. Nbd2 e5 11. Be3 Bg4 12. Nf1 Qd7 13. N1h2 Be6 14. O-O O-O 15. Qd2
Kh7 16. d4 cxd4 17. cxd4 Bh3 18. Rfd1 Bxg2 19. Kxg2 Qb7 20. d5 Na5 21. h5 g5
22. Rac1 Qd7 23. b4 Nb7 24. g4 Ng8 25. Ng1 Rfc8 26. Ne2 Bf6 27. Ng3 Bd8 28. Qe2
b5 29. Rxc8 Rxc8 30. Bxa7 Rc4 31. a3 Na5 32. Be3 Nb3 33. Qb2 Nd4 34. Rc1 Qc8
35. f3 Bb6 36. Nhf1 Nf6 37. Rxc4 bxc4 38. Qc3 Nb5 39. Qc1 Bd4 40. a4 Nc3 41.
Nf5 Ne2 42. Nxd6 Qd7 43. Qxc4 Nxg4 44. Qxe2 Nxe3+ 45. Nxe3 Qxd6 46. Nc2 Ba7 47.
a5 f5 48. Qc4 g4 49. exf5 gxf3+ 50. Kxf3 Bb8 51. Ne3 e4+ 52. Qxe4 Qg3+ 53. Ke2
Qh2+ 54. Kd3 Be5 55. f6+ 1-0

[Event "Sparkassen-Open A"]
[Site "Heusenstamm, Martinsee"]
[Date "2018.11.25"]
[Round "7.45"]
[White "Begri, Felix"]
[Black "Schnabel, Bennett"]
[Result "0-1"]
[WhiteElo "2008"]
[BlackElo "2146"]
[PlyCount "94"]
[EventDate "2018.??.??"]
[WhiteTeam "SV Hofheim"]
[BlackTeam "SV Mattnetz Berlin"]

1. d4 f5 2. c4 Nf6 3. Nc3 d6 4. Nf3 g6 5. h4 Bg7 6. h5 Nxh5 7. e4 O-O 8. Bd3
Nc6 9. exf5 Bxf5 10. Bxf5 Rxf5 11. g4 Rxf3 12. Qxf3 Nf6 13. Be3 e5 14. O-O-O
Qd7 15. Nd5 Rf8 16. Nxf6+ Bxf6 17. Qd5+ Qf7 18. Qxf7+ Rxf7 19. dxe5 Nxe5 20. g5
Bh8 21. Rh4 b6 22. b3 Nf3 23. Re4 Be5 24. b4 Rf5 25. c5 Nxg5 26. Bxg5 Rxg5 27.
c6 Rf5 28. Rf1 Kf7 29. Kd2 g5 30. Kd3 h5 31. a4 h4 32. a5 h3 33. axb6 axb6 34.
Re3 g4 35. Ke2 h2 36. Rh1 Ke6 37. f4 gxf3+ 38. Rxf3 Rxf3 39. Kxf3 d5 40. b5 Kd6
41. Rc1 Bd4 42. Kg2 Bg1 43. Rf1 d4 44. Rf7 d3 45. Rd7+ Kc5 46. Rxc7 d2 47. Rd7
Bd4 0-1

[Event "Sparkassen-Open A"]
[Site "Heusenstamm, Martinsee"]
[Date "2018.11.25"]
[Round "7.46"]
[White "Browning, Alex"]
[Black "Laux, Dominik"]
[Result "1/2-1/2"]
[WhiteElo "2102"]
[BlackElo "1973"]
[PlyCount "35"]
[EventDate "2018.??.??"]
[WhiteTeam "SVG Plettenberg"]
[BlackTeam "VSG Offenbach"]

1. e4 c6 2. d4 d5 3. Nc3 dxe4 4. Nxe4 Bf5 5. Ng3 Bg6 6. N1e2 Nf6 7. Nf4 e5 8.
Nxg6 hxg6 9. Be3 Be7 10. Be2 Nbd7 11. c3 Nd5 12. Qd2 Nxe3 13. Qxe3 exd4 14.
Qxd4 Qb6 15. O-O-O Qxd4 16. Rxd4 O-O-O 17. Bd1 Nc5 18. Rxd8+ 1/2-1/2

[Event "Sparkassen-Open A"]
[Site "Heusenstamm, Martinsee"]
[Date "2018.11.25"]
[Round "7.47"]
[White "Waffenschmidt, Joachim"]
[Black "Schreiner, Roland"]
[Result "1/2-1/2"]
[WhiteElo "2007"]
[BlackElo "2121"]
[PlyCount "41"]
[EventDate "2018.??.??"]
[WhiteTeam "SC Brett vorm Kopp"]
[BlackTeam "SC Heusenstamm"]

1. d4 d5 2. c4 c6 3. Nf3 Nf6 4. e3 a6 5. Nc3 Bf5 6. Qb3 Ra7 7. a4 e6 8. Be2
Nbd7 9. O-O Bd6 10. Bd2 O-O 11. g3 b6 12. cxd5 cxd5 13. Rfc1 Qb8 14. Na2 Ne4
15. Bb4 Bg4 16. Rc6 Bxb4 17. Nxb4 Bxf3 18. Bxf3 Nd2 19. Qd1 Nxf3+ 20. Qxf3 a5
21. Nd3 1/2-1/2

[Event "Sparkassen-Open A"]
[Site "Heusenstamm, Martinsee"]
[Date "2018.11.25"]
[Round "7.48"]
[White "Rudolph, Peter"]
[Black "Calvi, Stefan"]
[Result "1/2-1/2"]
[WhiteElo "2120"]
[BlackElo "1986"]
[PlyCount "30"]
[EventDate "2018.??.??"]
[WhiteTeam "SK GieÃŸen"]
[BlackTeam "SF Frankfurt"]

1. e4 c5 2. Nf3 Nc6 3. c4 d6 4. h3 g6 5. d4 Bg7 6. d5 Nd4 7. Nc3 e5 8. dxe6
Nxf3+ 9. Qxf3 Bxe6 10. Qd3 Qb6 11. Be2 Ne7 12. O-O O-O 13. b3 Nc6 14. Bb2 Bd4
15. Qd2 a6 1/2-1/2

[Event "Sparkassen-Open A"]
[Site "Heusenstamm, Martinsee"]
[Date "2018.11.25"]
[Round "7.49"]
[White "Heindrich, Mark"]
[Black "Krychevskiy, Dmytro"]
[Result "1/2-1/2"]
[WhiteElo "2116"]
[BlackElo "1986"]
[PlyCount "40"]
[EventDate "2018.??.??"]
[WhiteTeam "TuS Dotzheim"]
[BlackTeam "SV Oberursel"]

1. e4 c6 2. Nf3 d5 3. d3 Bg4 4. h3 Bh5 5. Nc3 e6 6. a3 Nf6 7. Qe2 dxe4 8. dxe4
Qb6 9. g4 Bg6 10. Ne5 Nfd7 11. Nc4 Qc7 12. Bg2 Nb6 13. Be3 N8d7 14. O-O-O O-O-O
15. f4 f6 16. Nxb6+ Nxb6 17. Rxd8+ Kxd8 18. Qf2 Kc8 19. Rd1 Bd6 20. Bf1 e5
1/2-1/2